Přirozené plánování rodičovství / Květoslav Šipr
Record details
- Physical Description: 84 s. : obr., grafy ; 20 cm + barev. příl. ; 24x19 cm + 4 tb. růz. formátů
- Edition: 3., upravené vyd.
- Publisher: Praha : Avicenum, 1985
Content descriptions
| General Note: | 50000 výt. Obálka Václav Rytina Přehl. lit Věcný rejstřík |
Search for related items by subject
| Genre: | příručky |
Search for related items by series
Available copies
- 1 of 1 copy available at Common Catalog SPOK.
Holds
- 0 current holds with 1 total copy.
Other Formats and Editions
Show Only Available Copies
| Location | Call Number / Copy Notes | Barcode | Shelving Location | Status | Due Date |
|---|---|---|---|---|---|
| KDS Library | 15 ŠiK | 204576802574 | Library | Available | - |
| LDR | 01064nam a2200337 4500 | ||
|---|---|---|---|
| 001 | 21988 | ||
| 003 | CZ-PrJAB | ||
| 005 | 20150717100357.0 | ||
| 007 | tu | ||
| 008 | 850704s1985 xr a u0|1 cze | ||
| 015 | . | ‡acnb000027462 | |
| 020 | . | ‡q(Brož.) : ‡c8,50 Kčs | |
| 035 | . | ‡a(CZ PrNK)ck8503421 | |
| 035 | . | ‡a(OCoLC)12883060 | |
| 040 | . | ‡aABA001 ‡bcze ‡dABA001 | |
| 080 | . | ‡a613.88 ‡2undef | |
| 080 | . | ‡a612.62 ‡2undef | |
| 100 | 1 | . | ‡aŠipr, Květoslav, ‡d1934- ‡7jk01130216 ‡4aut |
| 245 | 1 | 0. | ‡aPřirozené plánování rodičovství / ‡cKvětoslav Šipr |
| 250 | . | ‡a3., upravené vyd. | |
| 260 | . | ‡aPraha : ‡bAvicenum, ‡c1985 ‡f(TZ 2) | |
| 300 | . | ‡a84 s. : ‡bobr., grafy ; ‡c20 cm + ‡ebarev. příl. ; 24x19 cm + 4 tb. růz. formátů | |
| 490 | 1 | . | ‡aRodinný kruh |
| 500 | . | ‡a50000 výt. | |
| 500 | . | ‡aObálka Václav Rytina | |
| 500 | . | ‡aPřehl. lit | |
| 500 | . | ‡aVěcný rejstřík | |
| 655 | 7. | ‡apříručky ‡7fd133209 ‡2czenas | |
| 830 | 0. | ‡aRodinný kruh | |
| 910 | . | ‡aABE463 | |
| 964 | . | ‡arodičovství přirozené plánováné - metoda ovulační kombinovaná - příručky | |
| 998 | . | ‡a000027462 | |
| 901 | . | ‡a21988 ‡b ‡c21988 ‡tbiblio | |